Normal view
MARC view
Entry Topical Term
001 - CONTROL NUMBER
- control field: 15635
003 - CONTROL NUMBER IDENTIFIER
- control field: ARRUPE
005 - DATE AND TIME OF LATEST TRANSACTION
- control field: 20150227170103.0
008 - FIXED-LENGTH DATA ELEMENTS
- fixed length control field: 150227|| aca||aabn | a|a d
040 ## - CATALOGING SOURCE
- Original cataloging agency: ARRUPE
- Transcribing agency: ARRUPE
150 ## - HEADING--TOPICAL TERM
- Topical term or geographic name as entry element: Fathers of the church
- General subdivision:
670 ## - SOURCE DATA FOUND
- Source citation: Work cat.: (ARRUPE): Beatrice, Pier Franco 15634, Introduction to the fathers of the church , 1987